01415nab a22002417a 4500999001500000003000400015005001700019008004100036040000700077100002700084245009300111300001500204500003700219505047900256505013100735650002800866650003500894650001900929650001800948650003500966773015901001942001301160 c6236d6236OSt20260126044914.0190514b xxu||||| |||| 00| 0 spa d cPJ 94778aImas, Verónica10aProgenitores y abuelos : ccomparando y asumiendo responsabilidades /bVerónica Imas.  ap. 193-203 aCita: TR LALEY AR/DOC/2671/2024. aSumario: I. Introducción.— II. Hechos.— III. Necesidades de las hijas. Mantener el nivel de vida.— IV. Capacidad económica del alimentante. Ingresos de los progenitores.— V. Obligación alimentaria por parte de los abuelos. Subsidiariedad. Requisitos de admisibilidad. Grupos vulnerables.— VI. Ingresos de los abuelos.— VII. Valor económico de las tareas de cuidado personal.— VIII. Perspectiva de género. Perspectiva de niñez.— IX. Conclusiones.  tFallo comentado: ST Entre Ríos, sala II civil y com. ~ 06/06/2024 ~ B. V. L. c. R. G. J., R. J. P. Y S. S. E. s/ alimentos. 09967aDERECHO DE FAMILIA 091015aRESPONSABILIDAD PARENTAL 09968aALIMENTOS 093829aABUELOS 091057aJURISPRUDENCIA APLICABLE0 0284493222dBuenos Aires : AbeledoPerrot, 1989-tDerecho de familia. Revista Interdisciplinaria de doctrina y jurisprudencia. Diciembre 2024-VI.z18511201 2udccANA